00557 2200181 4500001002100000005001500021035002000036007000300056008004100059020002200100082001100122084001700133100001500150245013600165260002900301300003200330650001300362INLIS00000000000089520250220025217 a0010-0225000070ta250220 g 0 ind  a978-602-241-626-5 a155.25 a155.25 JIM a0 aJim Rogers1 aA Gift to My Children :bPetuah Seorang Ayah Tentang Investasi dan Kehidupan /cJim Rogers (Penulis); Rizal Pahlevi Hilabi (Editor) aJakarta :bEsensi,c2012 a91 Halaman :bteks ;c21 cm 4aMotivasi